000 01113nam a2200277Ia 4500
003 OSt
005 20221005110825.0
006 a|||||r|||| 00| 0
007 ta
008 221004b |||||||| |||| 00| 0 hin d
020 _a9788126725427 (hbk)
_c350
024 _a21105
037 _bBR8451, 23/03/2015, Rajkamal Prakashan Pvt. Ltd.
_cTextual
040 _aCRL
_cCRL
_bhin
041 _2hin
_ahin
082 _aO152,3x, Q4
100 _aप्रियदर्शन, संपा.
245 0 _aबडे़ - बुज़ुर्ग
_b कहानियॉं रिश्तों की
246 _aBaḍe़ - buज़urga: kahāniyaॉan rishtoan kī
260 _aनई दिल्ली
_bराजकमल प्रकाशन भारत
_c2014
300 _a171पृ0
_ccm.
490 _aरिश्तों के रंग अनेक
650 _aहिन्दी साहित्य
942 _hO152,3x, Q4
_cTEXL
_2cc
999 _c1019983
_d1019983